000 00254nam a22001097a 4500
008 230710b |||||||| |||| 00| 0 eng d
100 _aThapar, Romila
_92664
245 _aHistory of India
260 _bPenguin Books
_c1966
300 _a381p
942 _cBK
999 _c39122
_d39122